| 000 | 00829cam a22002537a 4500 | ||
|---|---|---|---|
| 999 |
_c48122 _d48122 |
||
| 001 | 14411137 | ||
| 003 | Nust | ||
| 005 | 20170622104440.0 | ||
| 008 | 060613s2006 pk 000 j urd | ||
| 010 | _a 2006334628 | ||
| 020 | _a9693516982 | ||
| 025 | _aP-U-2006334628; 10; 11 | ||
| 040 |
_aDLC _cDLC |
||
| 042 | _alcode | ||
| 050 | 0 | 0 | _aMLCSA 2006/ 00826 (P) |
| 082 |
_a891.4393 _bMUF |
||
| 100 | 1 |
_aMasʻūd Muftī. _93059 |
|
| 245 | 1 | 0 |
_aTaubah / _cMasʻūd Muftī. |
| 260 |
_aLāhore : _bSang-i Mīl Pablīkeshanz, _c2006. |
||
| 300 |
_a333 p. ; _c22 cm. |
||
| 500 | _aShort stories. | ||
| 546 | _aIn Urdu. | ||
| 880 |
_6100-01\(3\r _aمسعود مفتی |
||
| 880 |
_6245-02\(3\r _aتوبہ _cمسعود مفتی |
||
| 880 |
_6260-03\(3\r _aلاہور: _bسنگ میل پبلی کیشنز، _c2006 |
||
| 906 |
_a7 _bcbc _corigode _d4 _encip _f20 _gy-gencatlg |
||
| 942 |
_2ddc _cBK |
||